| 000 | 00895nam a2200265Ia 4500 | ||
|---|---|---|---|
| 001 | dia_4155 | ||
| 003 | CHAP | ||
| 005 | 20230120094730.0 | ||
| 007 | ta | ||
| 008 | 220117s1994 xx 000 0 und d | ||
| 010 | _a174785 | ||
| 040 |
_cCHAP _amxchpua |
||
| 090 | _aFOLLETO 2498 | ||
| 100 | 1 |
_aGonzález Huerta, Margarita _949062 |
|
| 245 | 1 | 0 |
_aProducción y comercialización de lácteos el estado y la ganadería de leche : _bel complejo agropecuario e industrial de Tizayuca (Caita) / _cMargarita González Huerta e Irma Salcedo Baca |
| 260 |
_aChapingo, México : _bUACh. Dirección General Académica, _c1994 |
||
| 300 | _a60 páginas | ||
| 500 | _aS/c | ||
| 650 | 1 | 3 |
_aLeche _xProducción _965400 |
| 700 | 1 |
_aSalcedo Baca, Irma _9101493 |
|
| 901 | _aFOLLETO 2498 | ||
| 902 | _aM | ||
| 905 | _a0000001994 mx 0000000000spa00 | ||
| 942 |
_cFOLL _2local |
||
| 999 |
_c174785 _d174785 |
||